Combined set of fundamental rules & supplementary rules (volumes 1 & II) : (Record no. 586936)
[ view plain ]
| 000 -LEADER | |
|---|---|
| fixed length control field | 00547nam a22001457a 4500 |
| 082 ## - DEWEY DECIMAL CLASSIFICATION NUMBER | |
| Classification number | 346.024 ALI |
| 100 ## - MAIN ENTRY--PERSONAL NAME | |
| Personal name | Ali, Hamid & Ali, Zaka |
| 245 ## - TITLE STATEMENT | |
| Title | Combined set of fundamental rules & supplementary rules (volumes 1 & II) : |
| Remainder of title | applicable to the federal servants in Pakistan with model questions & answers / |
| Statement of responsibility, etc. | Hamid Ali & Zaka Ali |
| 250 ## - EDITION STATEMENT | |
| Edition statement | Revised Edition. |
| 260 ## - PUBLICATION, DISTRIBUTION, ETC. | |
| Place of publication, distribution, etc. | Karachi : |
| Name of publisher, distributor, etc. | The Ideal Publishers, |
| Date of publication, distribution, etc. | 2020. |
| 300 ## - PHYSICAL DESCRIPTION | |
| Extent | 1030 p. ; |
| Dimensions | 24 cm. |
| 942 ## - ADDED ENTRY ELEMENTS (KOHA) | |
| Source of classification or shelving scheme | |
| Koha item type | Book |
| Withdrawn status | Lost status | Source of classification or shelving scheme | Damaged status | Not for loan | Permanent Location | Current Location | Shelving location | Date acquired | Source of acquisition | Full call number | Barcode | Checked out | Date last seen | Price effective from | Koha item type |
|---|---|---|---|---|---|---|---|---|---|---|---|---|---|---|---|
| NUST Law School (NLS) | NUST Law School (NLS) | Law | 12/01/2021 | Pakistan Law House | 346.024 ALI | CL-824 | 12/01/2021 | 12/01/2021 | Book |
